[Event "89_| Campeonato Brasileiro 2023"]
[Site "Recife"]
[Date "2023.12.16"]
[Round "5.7"]
[White "De Siqueira, Luigy Lira"]
[Black "Lima, Darcy Gustavo Macha"]
[Result "1-0"]
[WhiteElo "2202"]
[BlackElo "2377"]
[PlyCount "87"]
[EventDate "2023.??.??"]
[EventCountry "BRA"]
[TimeControl "90+30"]
[WhiteClock "0:06:48"]
[BlackClock "0:04:42"]

{[%evp 18,87,19,19,23,22,32,36,30,33,38,30,52,21,73,44,117,112,120,115,214,207,
193,144,171,166,311,265,262,232,239,198,261,163,160,150,149,145,208,159,237,
221,226,217,212,213,196,175,231,191,157,159,382,382,383,383,402,413,473,466,
514,499,511,490,580,583,567,565,544,557,592,596]} 1. e4 {[%emt 0:00:00]} d6 {
[%emt 0:00:00]} 2. d4 {[%emt 0:00:00]} Nf6 {[%emt 0:00:00]} 3. Nc3 {[%emt 0:00:
00]} g6 {[%emt 0:00:00]} 4. g3 {[%emt 0:00:00]} Bg7 {[%emt 0:00:00]} 5. Bg2 {
[%emt 0:00:00]} O-O {[%emt 0:00:00]} 6. Nge2 {[%emt 0:00:00]} e5 {[%emt 0:00:
00]} 7. O-O {[%emt 0:00:00]} Nc6 {[%emt 0:00:00]} 8. dxe5 {[%emt 0:00:00]} dxe5
{[%emt 0:00:00]} 9. Bg5 {[%emt 0:00:00]} Qxd1 {[%emt 0:00:00]} 10. Raxd1 {
[%emt 0:00:00]} h6 {[%emt 0:00:00] B07: Pirc Defence: Miscellaneous Systems.}
11. Be3 {[%emt 0:00:00]} Rd8 {[%emt 0:00:00]} 12. Rxd8+ {[%emt 0:00:00]} Nxd8 {
[%emt 0:00:00] White is slightly better.} 13. Rd1 {[%emt 0:00:00]} Bd7 $146 {
[%emt 0:00:00]} ({Predecessor:} 13... Ne6 14. Nd5 h5 15. Ne7+ Kf8 16. Nxc8 Rxc8
17. f3 a6 18. h4 Ke7 19. Bh3 Rh8 {1-0 (60) Gustafsson,J (2628)-Kollars,D (2491)
Germany 2017}) 14. h3 {[%emt 0:00:00]} a6 {[%emt 0:00:00]} 15. Nc1 {[%emt 0:00:
00]} Be8 {[%eval 73,23] [%emt 0:00:00]} (15... Nc6 $11 {[%eval 21,30] remains
equal.}) 16. Nb3 {[%emt 0:00:00]} Nd7 {[%eval 117,26] [%emt 0:00:00]} (16...
Ne6 $14 {[%eval 44,27]}) 17. Nd5 $36 {[%emt 0:00:25][%mdl 2048] White has
strong initiative.} Ne6 {[%emt 0:00:00]} 18. h4 $1 {[%emt 0:00:00]} Bf8 {
[%eval 214,27] [%emt 0:00:00] [#]} (18... Kh8 $16 {[%eval 115,29]}) 19. Bh3 $1
$18 {[%emt 0:00:00][%cal Rh3e6]} Rc8 {[%emt 0:00:00]} 20. Bxh6 {[%eval 144,30]
[%emt 0:00:00]} ({White should try} 20. Na5 $18 {[%eval 193,29]}) 20... c6 $16
{[%emt 0:00:00]} 21. Bxf8 {[%emt 0:00:00] Strongly threatening Ne7+.} Kxf8 {
[%eval 311,27] [%emt 0:00:00]} (21... cxd5 $142 {[%eval 166,32]} 22. Ba3 d4)
22. Ne3 {[%emt 0:05:31]} Ke7 {[%emt 0:08:28]} 23. Nc4 {[%emt 0:00:38]} Rc7 {
[%emt 0:00:26]} 24. Nd6 {[%emt 0:00:56]} Ndc5 {[%eval 261,28] [%emt 0:01:36]} (
24... Ndf8 {[%eval 198,27] was necessary.} 25. Nc4 f6) 25. Nxe8 {[%emt 0:01:25]
} Kxe8 {[%emt 0:00:04]} 26. Nxc5 {[%emt 0:00:27]} Nxc5 $18 {[%emt 0:00:01]
[%mdl 4096] Endgame KRB-KRN} 27. f3 {[%emt 0:00:01]} Ke7 {[%eval 208,26] [%emt
0:00:02]} (27... Na4 $16 {[%eval 145,29]}) 28. Kf2 {[%emt 0:00:16]} b5 {
[%eval 237,31] [%emt 0:00:10]} (28... Na4 $16 {[%eval 159,28]}) 29. Ke3 {
[%emt 0:00:16]} a5 {[%emt 0:00:21]} 30. f4 {[%emt 0:00:30]} Na4 {[%emt 0:00:30]
} 31. b3 {[%emt 0:00:30]} ({Don't do} 31. fxe5 $6 Nxb2 32. Rh1 Rb7 $16) 31...
Nc3 {[%emt 0:00:30] [#]} 32. Ra1 $1 {[%emt 0:00:30]} Kd6 {[%eval 231,33] [%emt
0:00:30]} (32... exf4+ {[%eval 175,26] was called for.} 33. gxf4 a4) 33. Kd3 {
[%emt 0:00:30]} b4 {[%emt 0:00:30]} 34. a3 {[%emt 0:00:30]} Re7 $2 {[%eval 382,
28] [%emt 0:00:30]} (34... exf4 $16 {[%eval 159,31] was worth a try.} 35. axb4
(35. gxf4 Re7 $16) 35... axb4) 35. axb4 {[%emt 0:00:30]} axb4 {[%emt 0:00:30] .
..exf4 would now be nice for Black.} 36. f5 {[%emt 0:00:06]} Kc5 {[%emt 0:00:
20]} 37. f6 {[%emt 0:02:03]} Rb7 {[%emt 0:01:12]} 38. Ra8 {[%emt 0:00:06]
White is clearly winning.} Nb5 {[%emt 0:00:57]} 39. Re8 {[%emt 0:00:13]} Kd6 {
[%emt 0:00:03]} 40. g4 {[%emt 0:00:08] h5 is the strong threat.} Ra7 {[%emt 0:
00:08]} 41. h5 {[%emt 0:00:04]} gxh5 {[%emt 0:00:30]} 42. gxh5 {[%emt 0:00:56]
Threatens to win with h6.} Ra1 {[%emt 0:00:30]} 43. Bg2 {[%emt 0:00:30] And
now h6 would win.} Rg1 {[%emt 0:00:30]} 44. Rg8 {[%emt 0:00:00] Accuracy:
White = 82%, Black = 41%.} 1-0

[Event "89_| Campeonato Brasileiro 2023"]
[Site "Recife"]
[Date "2023.12.16"]
[Round "5.8"]
[White "Do Valle Cardoso, Lucas"]
[Black "Patroclo, Arthur Ruiz"]
[Result "1-0"]
[WhiteElo "2352"]
[BlackElo "2101"]
[PlyCount "85"]
[EventDate "2023.??.??"]
[EventCountry "BRA"]
[TimeControl "90+30"]
[WhiteClock "0:41:13"]
[BlackClock "0:01:05"]

{[%evp 15,85,74,74,64,84,41,57,32,53,30,29,34,32,18,24,14,13,-2,0,2,8,0,19,21,
39,16,72,56,126,113,90,102,191,22,27,22,24,18,34,30,30,25,25,34,88,89,99,91,
121,101,91,41,291,292,540,448,546,399,655,658,662,651,664,635,29986,29987,
29988,29989,29990,29991,29991,29991]} 1. e4 {[%emt 0:00:00]} g6 {[%emt 0:00:00]
} 2. d4 {[%emt 0:00:00]} Bg7 {[%emt 0:00:00]} 3. Nc3 {[%emt 0:00:00]} d6 {
[%emt 0:00:00]} 4. Be3 {[%emt 0:00:00]} a6 {[%emt 0:00:00]} 5. Qd2 {[%emt 0:00:
00]} b5 {[%emt 0:00:00]} 6. h4 {[%emt 0:00:00]} h5 {[%emt 0:00:00]} 7. f3 {
[%emt 0:00:00]} Bb7 {[%emt 0:00:00]} 8. Nh3 {[%emt 0:00:00]} Nd7 {[%emt 0:00:
00]} 9. Ng5 {[%emt 0:00:00] B06: Modern Defence.} Ngf6 {[%emt 0:00:00]} 10. a4
{[%emt 0:00:00]} c6 {[%emt 0:00:00]} 11. Bd3 {[%emt 0:00:00] White is slightly
better.} e5 {[%emt 0:00:00]} 12. O-O {[%emt 0:00:00]} O-O {[%emt 0:00:00]} 13.
axb5 {[%emt 0:00:00]} axb5 {[%emt 0:00:00]} 14. Ne2 $146 {[%emt 0:00:00]} ({
Predecessor:} 14. dxe5 Nxe5 15. Be2 b4 16. Na4 c5 17. b3 Qc7 18. Rad1 Rad8 19.
Qe1 Nh7 20. Nxh7 Kxh7 {1-0 (40) Asis Gargatagli,H (2479)-Starozhilov,L (2318)
Chess.com INT 2020}) 14... exd4 {[%emt 0:00:00]} 15. Nxd4 {[%emt 0:00:00]} Re8
{[%emt 0:00:00]} 16. c4 {[%emt 0:00:00]} bxc4 {[%emt 0:00:00]} 17. Bxc4 {
[%emt 0:00:00]} d5 {[%emt 0:00:00]} 18. exd5 {[%emt 0:00:00]} cxd5 {[%emt 0:00:
00]} 19. Bb5 {[%emt 0:00:00]} Qe7 {[%emt 0:00:00]} 20. Bf2 {[%emt 0:00:00]}
Rxa1 {[%eval 72,26] [%emt 0:00:00]} (20... Qd6 $11 {[%eval 16,27]}) 21. Rxa1
$16 {[%emt 0:00:00]} Ra8 {[%eval 126,23] [%emt 0:00:00]} (21... Qd6 $14 {
[%eval 56,27]}) 22. Rxa8+ {[%emt 0:00:00]} Bxa8 {[%emt 0:00:00]} 23. Qa5 {
[%emt 0:00:00]} Qf8 {[%eval 191,25] [%emt 0:00:00] [#]} (23... Qe8 $16 {
[%eval 102,27]}) 24. Qc7 $2 {[%eval 22,30] [%emt 0:00:00]} ({White must play} 
24. Qa6 $1 $18 {[%eval 191,25]}) 24... Qb8 $11 {[%emt 0:00:00]} 25. Qxb8+ {
[%emt 0:00:00]} Nxb8 {[%emt 0:00:00]} 26. Kf1 {[%emt 0:00:00]} Nbd7 {[%emt 0:
00:00]} 27. b4 {[%emt 0:00:00]} Bf8 {[%emt 0:00:00]} 28. Bc6 $36 {[%emt 0:00:
00][%mdl 2048] White is pushing.} Nb6 {[%emt 0:00:30]} 29. b5 {[%emt 0:00:00]}
Bc5 {[%emt 0:00:30]} 30. Bxa8 {[%emt 0:00:00]} Nxa8 {[%emt 0:00:30]} 31. Nc6 {
[%emt 0:00:00]} Bxf2 {[%emt 0:13:36]} 32. Kxf2 $16 {[%emt 0:00:00][%mdl 4096]
Endgame KNN-KNN} Kf8 {[%emt 0:00:30]} 33. Ne5 {[%emt 0:00:00]} Nb6 $2 {[%eval
291,29] [%emt 0:00:30]} ({Better is} 33... Ne8 $1 $14 {[%eval 41,32]}) 34.
Ngxf7 $18 {[%emt 0:00:00]} Nfd7 $2 {[%eval 540,25] [%emt 0:01:25]} (34... Ne8 {
[%eval 292,31] was worth a try.} 35. Nh8 Kg7 36. Nhxg6 Kf6) 35. Ke3 {[%emt 0:
00:00]} Ke7 {[%emt 0:00:24]} 36. Kd4 {[%emt 0:00:00]} Nxe5 $2 {[%eval 655,26] 
[%emt 0:00:30]} (36... Nf8 {[%eval 399,29]} 37. Ng5 Kd6) 37. Nxe5 {[%emt 0:00:
00] KN-KN} Kf6 {[%emt 0:00:30]} 38. Nd3 {[%emt 0:00:00]} g5 {[%emt 0:00:30]}
39. Nb4 {[%emt 0:00:00]} gxh4 {[%emt 0:00:30]} 40. Nxd5+ {[%emt 0:00:00][%mdl
64] [#] Double Attack. White mates.} Kf5 {[%emt 0:00:30]} 41. Nxb6 {[%emt 0:00:
00]} Kf4 {[%emt 0:00:30]} 42. Nd5+ {[%emt 0:00:00]} Kg3 {[%emt 0:00:30]} 43.
Ne3 {[%emt 0:00:00] Accuracy: White = 63%, Black = 37%.} 1-0

[Event "89_| Campeonato Brasileiro 2023"]
[Site "Recife"]
[Date "2023.12.16"]
[Round "6.1"]
[White "Supi, Luis Paulo"]
[Black "Fier, Alexandr"]
[Result "1/2-1/2"]
[WhiteElo "2579"]
[BlackElo "2545"]
[PlyCount "27"]
[EventDate "2023.??.??"]
[EventCountry "BRA"]
[TimeControl "90+30"]
[WhiteClock "0:56:07"]
[BlackClock "1:09:18"]

{[%evp 9,27,1,7,-16,-13,-11,-5,-4,-5,-17,-12,-19,-15,-35,-31,-26,-13,-44,-13,
-28]} 1. e4 {[%emt 0:00:00]} c5 {[%emt 0:00:00]} 2. Nf3 {[%emt 0:00:00]} Nc6 {
[%emt 0:00:00]} 3. h3 {[%emt 0:00:00]} g6 {[%emt 0:00:00]} 4. Bc4 {[%emt 0:00:
00]} Bg7 {[%emt 0:00:00]} 5. O-O {[%emt 0:00:00]} e6 {[%emt 0:00:00]} 6. Bb5 {
[%emt 0:00:00] B30: Sicilian: 2...Nc6 3 Bb5, lines without ...g6.} Nge7 {
[%emt 0:00:00]} 7. c3 {[%emt 0:00:00]} e5 {[%emt 0:00:00]} 8. d3 {[%emt 0:00:
00]} O-O {[%emt 0:00:00]} 9. Be3 {[%emt 0:00:00]} d6 {[%emt 0:00:00]} 10. a4 {
[%emt 0:00:00]} h6 {[%emt 0:00:00]} 11. Na3 $146 {[%emt 0:00:00]} ({
Predecessor:} 11. d4 cxd4 12. cxd4 exd4 13. Nxd4 d5 14. exd5 {[%eval -82,26]} (
14. Bxc6 $11 {[%eval 0,32]} Nxc6 15. exd5 Nxd4 16. Bxd4) 14... Nxd5 15. Bxc6 {
[%eval -158,27]} (15. Nxc6 $142 {[%eval -75,27]} bxc6 16. Bxc6 Nxe3 {[%mdl 64]
Discovered Attack} 17. fxe3) 15... Nxe3 16. fxe3 bxc6 17. Nc3 c5 18. Ndb5 {
0-1 (63) Kozelov,R (2104)-Wang,T (2402) Saint Louis 2022}) ({Predecessor:} 11.
d4 cxd4 12. cxd4 exd4 13. Nxd4 d5 14. exd5 Nxd5 15. Bxc6 Nxe3 16. fxe3 bxc6 17.
Nc3 c5 18. Ndb5 {0-1 (63) Kozelov,R (2104)-Wang,T (2402) Saint Louis 2022})
11... f5 {[%emt 0:00:00]} 12. b4 {[%emt 0:00:00]} f4 {[%emt 0:00:00]} 13. Bd2 {
[%emt 0:00:00]} Kh7 {[%emt 0:00:00]} 14. bxc5 {[%emt 0:00:00] Accuracy: White
= 74%, Black = 78%. . Accuracy: White = 76%, Black = 79%.} 1/2-1/2

[Event "89_| Campeonato Brasileiro 2023"]
[Site "Recife"]
[Date "2023.12.17"]
[Round "6.2"]
[White "Mekhitarian, Krikor Sevag"]
[Black "Molina, Roberto Junio Brito"]
[Result "1/2-1/2"]
[WhiteElo "2559"]
[BlackElo "2381"]
[PlyCount "47"]
[EventDate "2023.??.??"]
[EventCountry "BRA"]
[TimeControl "90+30"]
[WhiteClock "0:24:21"]
[BlackClock "1:01:00"]

{[%evp 14,47,39,39,57,51,57,40,77,44,46,47,54,32,26,13,14,0,0,0,0,0,0,0,0,-17,
0,0,0,0,1,-18,-16,-25,-23,-25]} 1. d4 {[%emt 0:00:00]} d5 {[%emt 0:00:00]} 2.
c4 {[%emt 0:00:00]} e6 {[%emt 0:00:00]} 3. Nc3 {[%emt 0:00:00]} Nf6 {[%emt 0:
00:00]} 4. cxd5 {[%emt 0:00:00]} exd5 {[%emt 0:00:00]} 5. Bg5 {[%emt 0:00:00]}
c6 {[%emt 0:00:00]} 6. e3 {[%emt 0:00:00]} Be7 {[%emt 0:00:00]} 7. Bd3 {
[%emt 0:00:00]} h6 {[%emt 0:00:00]} 8. Bf4 {[%emt 0:00:00]} Nbd7 {[%emt 0:00:
00] D35: Queen's Gambit Declined: Exchange Variation.} 9. h3 {[%emt 0:00:00]}
Nb6 {[%emt 0:00:00]} 10. Nge2 {[%emt 0:00:00]} (10. Nf3 {with more
complications.} Be6 11. O-O O-O 12. Qe2 Nc4 13. Ne5) (10. Nf3 {is more complex.
} Be6 11. Qe2 Nc4 12. O-O O-O 13. Ne5) (10. Nf3 {keeps more tension.} O-O 11.
O-O Be6 12. Ne5 c5 13. dxc5 Bxc5 14. Rc1) 10... Bd6 {[%emt 0:00:00] White is
slightly better.White is slightly better.White is slightly better.} 11. Qc2 {
[%emt 0:00:00]} Bxf4 {[%emt 0:00:00]} 12. Nxf4 {[%emt 0:00:00]} Qd6 $146 {
[%emt 0:00:00]} ({Predecessor:} 12... Qe7 13. O-O-O g5 14. Nfe2 Bd7 15. Kb1
O-O-O 16. Ka1 Kb8 17. Rc1 Ne8 18. h4 Nd6 {1-0 (44) Dubkov,A (2332)-Hebbering,T
(2230) Germany 2022}) ({Predecessor:} 12... Qe7 13. O-O-O g5 14. Nfe2 Bd7 15.
Kb1 O-O-O 16. Ka1 Kb8 17. Rc1 Ne8 18. h4 Nd6 {1-0 (44) Dubkov,A (2332)
-Hebbering,T (2230) Germany 2022}) 13. O-O-O {[%emt 0:00:00]} Bd7 {[%emt 0:00:
00]} 14. Kb1 {[%emt 0:00:00] The position is equal.} O-O-O {[%emt 0:00:00]} 15.
Rc1 {[%emt 0:00:00]} Kb8 {[%emt 0:00:00]} 16. Na4 {[%emt 0:00:00]} Nxa4 {
[%emt 0:00:00]} 17. Qxa4 {[%emt 0:00:00]} Rc8 {[%emt 0:00:00]} (17... g5 $5 18.
Ne2 $8 Ne4 19. Bxe4 $1 dxe4 $11) (17... g5 $5 18. Ne2 $8 Ne4 19. Bxe4 dxe4 $11)
18. Rc3 {[%emt 0:00:00]} Rc7 {[%emt 0:00:00]} 19. Ne2 {[%emt 0:00:00]} (19. h4
{feels hotter.} g6 20. Qc2 Re8 21. Ka1 Ne4 22. Bxe4 $1 dxe4 23. Qb3) (19. Qd1 {
is interesting.} Ne4 20. Bxe4 dxe4 21. Qc2 g6 22. Ka1) (19. Ka1 {is more
complex.} Re8 20. Qc2 Qe7 21. a3 Rec8 22. Rc1) 19... Rhc8 {[%emt 0:00:00]} (
19... h5 {keeps more tension.} 20. Rc2 Ne8 21. Nc3 Qf6 22. Re1 Nd6) (19... h5 {
feels hotter.} 20. Ra3 b6 $1 21. Qc2 Re8 22. Rb3 Ne4) (19... h5 {seems wilder.}
20. Rc2 h4 21. Nc3 Ne8 22. Re1 Qe7) 20. Qa3 {[%emt 0:00:00]} Qxa3 {[%emt 0:00:
00]} 21. Rxa3 {[%emt 0:00:00]} Ne8 {[%emt 0:00:00]} 22. g4 {[%emt 0:00:00]} Nd6
{[%emt 0:00:00]} 23. Ng3 {[%emt 0:00:00]} Rf8 {[%emt 0:00:00]} 24. Rc3 {
[%emt 0:00:00] Accuracy: White = 52%, Black = 81%. . Accuracy: White = 59%,
Black = 94%. . Accuracy: White = 53%, Black = 82%.} 1/2-1/2

[Event "89_| Campeonato Brasileiro 2023"]
[Site "Recife"]
[Date "2023.12.17"]
[Round "6.3"]
[White "Filgueiras, Nathan Felipe"]
[Black "Diamant, Andre"]
[Result "1/2-1/2"]
[WhiteElo "2295"]
[BlackElo "2513"]
[PlyCount "58"]
[EventDate "2023.??.??"]
[EventCountry "BRA"]
[TimeControl "90+30"]
[WhiteClock "0:28:11"]
[BlackClock "1:10:14"]

{[%evp 33,58,38,34,-8,17,0,0,0,0,0,0,0,0,0,0,0,0,0,0,0,0,0,0,0,0,0,0]} 1. e4 {
[%emt 0:00:00]} c5 {[%emt 0:00:00]} 2. Nf3 {[%emt 0:00:00]} Nc6 {[%emt 0:00:00]
} 3. d4 {[%emt 0:00:00]} cxd4 {[%emt 0:00:00]} 4. Nxd4 {[%emt 0:00:00]} Nf6 {
[%emt 0:00:00]} 5. Nc3 {[%emt 0:00:00]} e5 {[%emt 0:00:00]} 6. Ndb5 {[%emt 0:
00:00]} d6 {[%emt 0:00:00]} 7. Bg5 {[%emt 0:00:00]} a6 {[%emt 0:00:00]} 8. Na3
{[%emt 0:00:00]} b5 {[%emt 0:00:00]} 9. Bxf6 {[%emt 0:00:00]} gxf6 {[%emt 0:00:
00]} 10. Nd5 {[%emt 0:00:00]} Bg7 {[%emt 0:00:00]} 11. Bd3 {[%emt 0:00:00]} Ne7
{[%emt 0:00:00]} 12. Nxe7 {[%emt 0:00:00]} Qxe7 {[%emt 0:00:00]} 13. O-O {
[%emt 0:00:00]} O-O {[%emt 0:00:00]} 14. c4 {[%emt 0:00:00]} f5 {[%emt 0:00:00]
} 15. Qh5 {[%emt 0:00:00]} Rb8 {[%emt 0:00:00]} 16. exf5 {[%emt 0:00:00]} e4 {
[%emt 0:00:00]} 17. Rae1 {[%emt 0:00:00]} Bb7 {[%emt 0:00:00]} 18. Kh1 {
[%emt 0:00:00] B33: Sicilian: Pelikan and Sveshnikov Variations.} Rfe8 {
[%emt 0:00:00] The position is equal.} 19. f3 {[%emt 0:00:00]} (19. cxb5 {
is interesting.} axb5 20. Bxb5 Rec8 21. Bd3 Qf6 22. Bxe4 Bxe4 23. Rxe4 d5 24.
Re2) (19. cxb5 {feels hotter.} axb5 20. Bxb5 Rec8 21. f3 exf3 22. gxf3 Qf6 23.
Bc4) 19... exf3 $146 {[%emt 0:00:00] The position is equal.The position is
equal.} ({Don't play} 19... Bxb2 20. fxe4 Kh8 $2 {[%eval 308,28]} (20... f6 $14
{[%eval 35,29]}) ({Black should try} 20... Qf6 $14 {[%eval 40,30]}) 21. Nc2 $16
{[%eval 51,30]} (21. f6 $18 {[%eval 230,24]} Qf8 22. Nc2 $2 {[%eval 14,26]} (
22. Re3 $18 {[%eval 302,29]} Re5 23. Qh4)) (21. f6 $18 {[%eval 308,28]} Qe5 22.
Rf5)) ({Predecessor:} 19... bxc4 20. Bxe4 {[%eval -130,24]} (20. Nxc4 $11 {
[%eval 11,41]} d5 21. f6 Qxf6 22. fxe4) (20. Nxc4 $11 {[%eval 17,32]} d5 21.
Nb6) 20... d5 21. f6 Qxf6 22. Bxd5 {[%eval -233,32] [#]} (22. Bxh7+ $17 {
[%eval -91,27] was called for.} Kf8 23. b3) (22. Bxh7+ $17 {[%eval -132,32]
was called for.} Kf8 23. b3) 22... Bxd5 $2 {[%eval -11,32]} (22... Rxe1 $1 $19
{[%eval -189,30]} 23. Rxe1 Bxd5 24. Qxd5 c3) (22... Rxe1 $1 $19 {[%eval -233,
32]} 23. Rxe1 Bxd5 24. Qxd5 c3) 23. Qxd5 $2 {[%eval -199,31]} (23. Rxe8+ $1 $11
{[%eval -21,29] and White is okay.} Rxe8 24. Qxd5) (23. Rxe8+ $1 $11 {[%eval
-11,32] and White is okay.} Rxe8 24. Qxd5) 23... Qxb2 $2 {[%eval -1,31]} (23...
Rxe1 $19 {[%eval -192,25]} 24. Rxe1 c3) (23... Rxe1 $19 {[%eval -199,31]} 24.
Rxe1 c3) 24. Nxc4 Qxa2 25. Re4 Rbd8 {1/2-1/2 (44) Halvax,G (2395)-Sebenik,M 
(2541) Zadar 2016}) ({Much weaker is} 19... Bxb2 20. fxe4 Kh8 $2 {[%eval 296,
26][%mdl 8192]} ({Better is} 20... f6 $14 {[%eval 37,28]} 21. Nc2 Kh8) 21. Nc2
$16 {[%eval 39,28]} ({White should play} 21. f6 $18 {[%eval 296,26]} Qf8 22.
Re3)) ({Predecessor:} 19... bxc4 20. Bxe4 {[%eval -132,27]} (20. Nxc4 $11 {
[%eval 9,40]} d5 21. Nb6) 20... d5 21. f6 Qxf6 22. Bxd5 {[%eval -202,30]} (22.
Bxh7+ $17 {[%eval -129,34]} Kf8 23. b3) 22... Bxd5 $2 {[%eval -16,33]} (22...
Rxe1 $1 $19 {[%eval -202,30]} 23. Rxe1 Bxd5 24. Qxd5 c3) 23. Qxd5 $2 {[%eval
-214,27]} (23. Rxe8+ $1 $11 {[%eval -16,33]} Rxe8 24. Qxd5) 23... Qxb2 $2 {
[%eval -7,32]} (23... Rxe1 $19 {[%eval -214,27]} 24. Rxe1 c3) 24. Nxc4 Qxa2 25.
Re4 Rbd8 {1/2-1/2 (44) Halvax,G (2395)-Sebenik,M (2541) Zadar 2016}) ({Reject} 
19... Bxb2 $6 20. fxe4 f6 21. Nc2 $16) ({Predecessor:} 19... bxc4 20. Bxe4 d5
21. f6 Qxf6 22. Bxd5 Bxd5 23. Qxd5 Qxb2 24. Nxc4 Qxa2 25. Re4 Rbd8 {1/2-1/2 
(44) Halvax,G (2395)-Sebenik,M (2541) Zadar 2016}) 20. Rxe7 {[%emt 0:00:00]}
fxg2+ {[%emt 0:00:00]} 21. Kg1 {[%emt 0:00:00]} gxf1=Q+ {[%emt 0:00:00]} 22.
Kxf1 {[%emt 0:00:00]} Rxe7 {[%emt 0:00:00]} 23. f6 {[%emt 0:00:00]} Bxf6 {
[%emt 0:00:00]} 24. Qxh7+ {[%emt 0:00:00]} Kf8 {[%emt 0:00:00] Strongly
threatening ...Re6. Hoping for ...Re6. aiming for ...Re6.} 25. Qh6+ {[%emt 0:
00:00]} Bg7 {[%emt 0:00:00]} 26. Qxd6 {[%emt 0:00:00]} Be5 {[%emt 0:00:00]} 27.
Qh6+ {[%emt 0:00:00]} Bg7 {[%emt 0:00:00]} 28. Qd6 {[%emt 0:00:00]} Be5 {
[%emt 0:00:00]} 29. Qh6+ {[%emt 0:00:00]} Bg7 {[%emt 0:00:00] Accuracy: White
= 76%, Black = 85%. . Accuracy: White = 75%, Black = 86%.} 1/2-1/2